Monella (Record n. 93088)

Dettagli MARC
000 -LEADER
fixed length control field 01238nam a2200313Ia 4500
001 - CONTROL NUMBER
control field E9363
003 - CONTROL NUMBER IDENTIFIER
control field IT-RoPAU
008 - FIXED-LENGTH DATA ELEMENTS--GENERAL INFORMATION
fixed length control field 130308s9999 xx 000 0 und d
040 ## - CATALOGING SOURCE
Original cataloging agency IT-RoPAU
040 ## - CATALOGING SOURCE
Transcribing agency IT-RoPAU
041 ## - LANGUAGE CODE
Language code of text/sound track or separate title ITALIANO
100 ## - MAIN ENTRY--PERSONAL NAME
Personal name Brass Tinto
100 ## - MAIN ENTRY--PERSONAL NAME
Miscellaneous information Codice Aut. SPICS: 8843
245 ## - TITLE STATEMENT
Title Monella
245 ## - TITLE STATEMENT
Remainder of title Monella
250 ## - EDITION STATEMENT
Edition statement 1a ed.
260 ## - PUBLICATION, DISTRIBUTION, ETC. (IMPRINT)
Place of publication, distribution, etc. VENEZIA
260 ## - PUBLICATION, DISTRIBUTION, ETC. (IMPRINT)
Name of publisher, distributor, etc. Marsilio
260 ## - PUBLICATION, DISTRIBUTION, ETC. (IMPRINT)
Date of publication, distribution, etc. 1998 [1° Ed.:1998 - Ed.Ling.Originale:1998]
300 ## - PHYSICAL DESCRIPTION
Extent "270 p. (prefazione: no ; testo: 270)"
500 ## - GENERAL NOTE
General note Storia di una iniziazione Amorosa in un Libro che Raccoglie la sceneggiatura Originale e Appunti di Lavorazione del Nuovo Film di un maestro dell'Eros: Tinto Brass. vicenda Piccante e Giocosa in Cui L'Eros si Manifesta Come una forza Sana, Piena di Vita, Perfettamente Rappresentata Dalla Figura di Lola. Lorenzo Codelli nelle interviste Ai protagonisti Disegna un ritratto a tutto tondo delle Loro Personalità, Soprattutto di Anna Ammirati, la Piu' Recente Scoperta di Tinto Brass.
650 ## - SUBJECT ADDED ENTRY--TOPICAL TERM
Topical term or geographic name as entry element AUTORI/OPERE DEL CINEMA
650 ## - SUBJECT ADDED ENTRY--TOPICAL TERM
Relator term Codice materia Spics: 6807
700 ## - ADDED ENTRY--PERSONAL NAME
Personal name Codelli Lorenzo
700 ## - ADDED ENTRY--PERSONAL NAME
Miscellaneous information Codice Aut. SPICS: 20375
942 ## - ADDED ENTRY ELEMENTS (KOHA)
Koha item type LIBRO
957 ## -
-- 1
999 ## - SYSTEM CONTROL NUMBERS (KOHA)
-- 1
Dati di copia
Withdrawn status Lost status Damaged status Not for loan Home library Current library Date acquired Total Checkouts Full call number Date last seen Price effective from Koha item type Public note
    Buone Condizioni Not For Loan SPICS-MEDIATECA SPICS-MEDIATECA 08/03/2013   E9363 08/03/2013 08/03/2013 LIBRO Progressivo inserimento: 35652 / N. Volumi: 1 Copie: 1 / data import: 1 marzo 2013 - By Epidotti, Trombetti, Vaglietti.
CREDITS: SOCIETA' SAN PAOLO Via A.Severo, 58 - ROMA (RM) & PERIODICI SAN PAOLO SRL Via Giotto, 36 MILANO & CISF Via Giotto, 36 MILANO & EDIZIONI SAN PAOLO SRL,  Piazza Soncino, 5 CINISELLO BALSAMO (MI) -- ITALY